000 00409nam a2200181Ia 4500
001 4561
005 20260306145805.0
008 260306t1992||||xx |||||||||||||| ||spa||
041 _aESP
082 _a324.85
_bZ97
100 _aZuzunaga Flórez, Carlos
_eAUT
245 0 _aVargas Llosa
260 _c1992
300 _a233 páginas :
_ccm.
650 _aGEN
654 _aCHU
942 _cLIB
_dJUS
_fJUS
_2ddc
_n
999 _c4561
_d4561